Annales l'Institut national de la recherche agronomique Série A, Annales agronomiques
Uložené v:
| Predchádzajúci názov: | Annales agronomiques |
|---|---|
| Médium: | Časopis |
| Jazyk: | French |
| Vydané: |
Paris :
Institut National de La Recherche Agronomique,
1950-[1952].
|
| Tagy: |
Pridať tag
Žiadne tagy, Buďte prvý kto otaguje tento záznam!
|
Titul je dostupný aj v ... 

MARC
| LEADER | 00000nas a22000004a 4500 | ||
|---|---|---|---|
| 001 | 000678021 | ||
| 003 | SVKKK | ||
| 005 | 20220309180508.0 | ||
| 008 | 220309d19501952fr r|p|||||||0|||b0fre c | ||
| 040 | |a KE001 |b slo |e AACR2 | ||
| 041 | 0 | |a fre | |
| 044 | |a fr |c FR | ||
| 245 | 0 | 0 | |a Annales l'Institut national de la recherche agronomique |n Série A, |p Annales agronomiques |
| 246 | 3 | 3 | |a Annales agronomiques |
| 260 | |a Paris : |b Institut National de La Recherche Agronomique, |c 1950-[1952]. | ||
| 310 | |a periodicita neznáma | ||
| 362 | 0 | |a 1 (1950) - [3 (1952)] | |
| 780 | 0 | 0 | |t Annales agronomiques |
| 910 | |a KE001 |b B.492 | ||
| 998 | |a SE | ||
| 090 | |g CASOS |k Sklad Pribinova 1. posch. |a B.492 |j 4647 |i 2720836129 |4 Zastarané |s Vyradená | ||